[Event "SRI-ch"]
[Site "Nugegoda"]
[Date "2021.12.27"]
[Round "7"]
[White "Weerasinghe, CC."]
[Black "Kiriella, KGTSD"]
[Result "1-0"]
[WhiteElo "1784"]
[BlackElo "1608"]
[PlyCount "93"]
[EventDate "2021.12.24"]
[EventType "tourn"]
[EventRounds "13"]
[EventCountry "SRI"]
[SourceTitle "CBM 205 Extra"]
[Source "ChessBase"]
[SourceDate "2022.01.31"]
[SourceVersion "1"]
[SourceVersionDate "2022.01.31"]
[SourceQuality "1"]

1. d4 Nf6 2. Nf3 e6 3. Bg5 Be7 4. Nbd2 d5 5. e3 h6 6. Bh4 c5 7. c3 0-0 8. Bd3 b6 9. Ne5 Bb7 10. 0-0 Nfd7 11. Bg3 Nxe5 12. Bxe5 Nc6 13. Bg3 Bd6 14. Nf3 Bxg3 15. hxg3 Qd6 16. Qe2 Rfd8 17. Rad1 Rac8 18. e4 dxe4 19. Bxe4 cxd4 20. Nxd4 Nxd4 21. Rxd4 Qe7 22. Rfd1 Rxd4 23. Rxd4 Bxe4 24. Qxe4 Rd8 25. Qd3 Rxd4 26. Qxd4 Qg5 27. c4 Qc1+ 28. Kh2 Kh7 29. b4 e5 30. Qe4+ Kh8 31. Qa8+ Kh7 32. Qe4+ Kh8 33. Qd5 h5 34. c5 bxc5 35. bxc5 h4 36. Qd8+ Kh7 37. Qxh4+ Kg8 38. Qd8+ Kh7 39. Qc8 Kg6 40. Qc6+ f6 41. Qe4+ Kf7 42. Qd5+ Ke7 43. Qd6+ Kf7 44. Qd7+ Kg6 45. c6 Qh6+ 46. Qh3 Qc1 47. Qg4+ 1-0

[Event "SRI-ch"]
[Site "Colombo"]
[Date "2020.09.19"]
[Round "8"]
[White "Amarasinghe, AACB"]
[Black "Weerasinghe, CC."]
[Result "1/2-1/2"]
[WhiteElo "1933"]
[BlackElo "1826"]
[PlyCount "78"]
[EventDate "2020.09.11"]
[EventType "tourn"]
[EventRounds "13"]
[EventCountry "SRI"]
[SourceTitle "CBM 198 Extra"]
[Source "ChessBase"]
[SourceDate "2020.11.30"]
[SourceVersion "1"]
[SourceVersionDate "2020.11.30"]
[SourceQuality "1"]

1. d4 Nf6 2. c4 g6 3. Nc3 d5 4. Nf3 Bg7 5. cxd5 Nxd5 6. e4 Nxc3 7. bxc3 0-0 8. Be2 c5 9. Rb1 a6 10. 0-0 Qa5 11. Bg5 Re8 12. Qd2 cxd4 13. cxd4 Qxd2 14. Bxd2 b5 15. Rfc1 Bg4 16. Be3 Nd7 17. a4 bxa4 18. h3 Bxf3 19. gxf3 Reb8 20. Bd1 a3 21. Ra1 Rb4 22. e5 Nb6 23. Rxa3 Nd5 24. Bb3 Nxe3 25. fxe3 e6 26. f4 Bf8 27. Rc3 Rxd4 28. exd4 Bxa3 29. d5 Bb2 30. Rc7 exd5 31. Bxd5 Ra7 32. Bxf7+ Kf8 33. Rxa7 Bd4+ 34. Kg2 Bxa7 35. Bc4 a5 36. Kg3 Be3 37. Kg4 Bc5 38. h4 h5+ 39. Kg3 a4 1/2-1/2

[Event "SRI-ch"]
[Site "Colombo"]
[Date "2020.09.19"]
[Round "9"]
[White "Weerasinghe, CC."]
[Black "De Silva, LMST"]
[Result "0-1"]
[WhiteElo "1826"]
[BlackElo "2153"]
[PlyCount "94"]
[EventDate "2020.09.11"]
[EventType "tourn"]
[EventRounds "13"]
[EventCountry "SRI"]
[SourceTitle "CBM 198 Extra"]
[Source "ChessBase"]
[SourceDate "2020.11.30"]
[SourceVersion "1"]
[SourceVersionDate "2020.11.30"]
[SourceQuality "1"]

1. d4 Nf6 2. c4 e6 3. g3 Be7 4. Bg2 d5 5. Nf3 c6 6. 0-0 0-0 7. Nc3 b6 8. Ne5 Bb7 9. cxd5 cxd5 10. Bf4 Nc6 11. Rc1 Rc8 12. Qa4 Nxe5 13. Bxe5 a6 14. Qb3 Nd7 15. Bf4 Rc4 16. Rfd1 b5 17. e4 Nb6 18. e5 Qd7 19. Bf1 Rfc8 20. Be3 b4 21. Ne2 a5 22. Qd3 a4 23. b3 Rxc1 24. Rxc1 Na8 25. Qd2 Nc7 26. Nf4 Nb5 27. Nh5 Nc3 28. Bd3 g6 29. Bg5 gxh5 30. Bf6 Kf8 31. Qg5 Qd8 32. Bxh7 Ke8 33. Re1 Bxf6 34. exf6 Kd7 35. Qg7 Qf8 36. Qg5 Nxa2 37. f4 Rc1 38. Rxc1 Nxc1 39. f5 Ne2+ 40. Kf1 Nxd4 41. fxe6+ Nxe6 42. Bf5 a3 43. Qg7 Qe8 44. Qg5 a2 45. Qc1 Qc8 46. Qb2 Qc3 47. Qxa2 Qf3+ 0-1

[Event "SRI-ch"]
[Site "Colombo"]
[Date "2020.09.11"]
[Round "1"]
[White "Sivathanujan, S."]
[Black "Weerasinghe, CC."]
[Result "1-0"]
[WhiteElo "1752"]
[BlackElo "1826"]
[PlyCount "55"]
[EventDate "2020.09.11"]
[EventType "tourn"]
[EventRounds "13"]
[EventCountry "SRI"]
[SourceTitle "CBM 198 Extra"]
[Source "ChessBase"]
[SourceDate "2020.11.30"]
[SourceVersion "1"]
[SourceVersionDate "2020.11.30"]
[SourceQuality "1"]

1. e4 c5 2. Nf3 Nc6 3. c3 d5 4. exd5 Qxd5 5. d4 Bg4 6. Be2 e6 7. c4 Qd8 8. d5 Nb8 9. Qb3 Qc8 10. h3 Bxf3 11. Bxf3 e5 12. Nc3 Nf6 13. 0-0 a6 14. Bg5 Nbd7 15. d6 Rb8 16. Rad1 g6 17. Bxf6 Nxf6 18. Rfe1 Nd7 19. Re2 f5 20. Bd5 Bg7 21. Be6 Qc6 22. Nd5 b5 23. cxb5 axb5 24. Ne7 Qb6 25. Bxd7+ Kxd7 26. Qf7 Rb7 27. Qxg7 Rd8 28. Qxe5 1-0

[Event "SRI-chB"]
[Site "Maharaga"]
[Date "2020.03.09"]
[Round "7.9"]
[White "Alahakoon, Isuru"]
[Black "Weerasinghe, CC."]
[Result "0-1"]
[WhiteElo "2135"]
[BlackElo "1788"]
[PlyCount "103"]
[EventDate "2020.03.06"]
[EventType "swiss"]
[EventRounds "11"]
[EventCountry "SRI"]
[SourceTitle "CBM 195 Extra"]
[Source "ChessBase"]
[SourceDate "2020.05.31"]
[SourceVersion "1"]
[SourceVersionDate "2020.05.31"]
[SourceQuality "1"]

1. d4 Nf6 2. Nf3 g6 3. Bg5 Bg7 4. Nbd2 d5 5. e3 0-0 6. Bd3 c5 7. c3 b6 8. 0-0 Ba6 9. Bxa6 Nxa6 10. Qe2 Nc7 11. Rad1 Nce8 12. dxc5 bxc5 13. e4 dxe4 14. Nxe4 Qa5 15. Nxf6+ exf6 16. Be3 Nc7 17. Qc4 Ne6 18. Rd5 Rfd8 19. b4 Qc7 20. Rfd1 Rxd5 21. Rxd5 cxb4 22. Qxc7 Nxc7 23. Rd7 Rc8 24. cxb4 Bf8 25. a3 Nb5 26. a4 Nc3 27. b5 Bc5 28. Nd4 Bxd4 29. Bxd4 Nxb5 30. Be3 Nc7 31. Bxa7 Nd5 32. g3 Rc7 33. Rd8+ Kg7 34. Bb8 Rb7 35. a5 Nb4 36. Bd6 g5 37. Bf8+ Kg6 38. Bc5 Rb5 39. Bb6 Nc6 40. Ra8 g4 41. h3 h5 42. hxg4 hxg4 43. Kf1 Rb2 44. Rc8 Ne5 45. Ra8 Kf5 46. Bd4 Ra2 47. a6 Ke4 48. Be3 Kf3 49. Ke1 Nc4 50. Bd4 Re2+ 51. Kf1 Rd2 52. Rc8 0-1

[Event "Wch U18"]
[Site "Khanty-Mansiysk"]
[Date "2016.09.25"]
[Round "4"]
[White "Kenenbaev, Aidar"]
[Black "Weerasinghe, CC."]
[Result "1-0"]
[WhiteElo "2143"]
[BlackElo "1884"]
[PlyCount "48"]
[EventDate "2016.09.22"]
[EventType "swiss"]
[EventRounds "11"]
[EventCountry "RUS"]
[SourceTitle "EXT 2017"]
[Source "ChessBase"]
[SourceDate "2016.10.25"]
[SourceVersion "1"]
[SourceVersionDate "2016.10.25"]
[SourceQuality "1"]

1. Nf3 c5 2. g3 Nc6 3. Bg2 g6 4. 0-0 Bg7 5. c4 e6 6. Nc3 Nge7 7. e3 0-0 8. d4 cxd4 9. exd4 d5 10. cxd5 Nxd5 11. Nxd5 Qxd5 12. Ne5 Qxd4 13. Nxc6 bxc6 14. Qxd4 Bxd4 15. Rd1 Bg7 16. Be3 Ba6 17. Bxc6 Rac8 18. Be4 Rb8 19. Rab1 Bb7 20. Bxb7 Rxb7 21. b3 Bf6 22. Bh6 Rd8 23. Rxd8+ Bxd8 24. Rd1 Bf6 1-0

[Event "Wch U18"]
[Site "Khanty-Mansiysk"]
[Date "2016.09.24"]
[Round "3"]
[White "Weerasinghe, CC."]
[Black "Ding, Tze How Dilwen"]
[Result "1/2-1/2"]
[WhiteElo "1884"]
[BlackElo "2397"]
[PlyCount "68"]
[EventDate "2016.09.22"]
[EventType "swiss"]
[EventRounds "11"]
[EventCountry "RUS"]
[SourceTitle "EXT 2017"]
[Source "ChessBase"]
[SourceDate "2016.10.25"]
[SourceVersion "1"]
[SourceVersionDate "2016.10.25"]
[SourceQuality "1"]

1. d4 d5 2. Nf3 Nf6 3. g3 g6 4. Bg2 Bg7 5. 0-0 0-0 6. c4 dxc4 7. Na3 c3 8. bxc3 c5 9. e3 Nc6 10. Nc4 Be6 11. Nce5 Nxe5 12. Nxe5 Bd5 13. Ba3 cxd4 14. cxd4 Rc8 15. Qa4 Bxg2 16. Kxg2 Nd5 17. Nf3 a6 18. Rac1 b5 19. Qb3 Qd7 20. Bc5 Rfd8 21. Qa3 e6 22. Rc2 Qb7 23. Rfc1 Rc7 24. Qb3 a5 25. Rb1 b4 26. a3 Bf8 27. axb4 axb4 28. Rc4 f5 29. Kg1 Bxc5 30. dxc5 Rdc8 31. Rbc1 Qa6 32. Kg2 Qb7 33. Kg1 Qa6 34. Kg2 Qb7 1/2-1/2

[Event "Wch U20 55th"]
[Site "Bhubaneswar"]
[Date "2016.08.20"]
[Round "12"]
[White "Subhayan, Kundu"]
[Black "Weerasinghe, CC."]
[Result "1-0"]
[WhiteElo "2189"]
[BlackElo "1785"]
[PlyCount "157"]
[EventDate "2016.08.08"]
[EventType "swiss"]
[EventRounds "13"]
[EventCountry "IND"]
[SourceTitle "CBM 173 Extra"]
[Source "ChessBase"]
[SourceDate "2016.08.29"]
[SourceVersion "1"]
[SourceVersionDate "2016.08.29"]
[SourceQuality "1"]

1. e4 c6 2. d4 d5 3. exd5 cxd5 4. c4 Nf6 5. Nc3 Nc6 6. Bg5 dxc4 7. d5 Ne5 8. Qd4 h6 9. Bf4 Ng6 10. Bxc4 Nxf4 11. Qxf4 g5 12. Qe3 Bg7 13. Nf3 a6 14. 0-0 0-0 15. Rad1 Bg4 16. Rfe1 b5 17. Bb3 Re8 18. h3 Bxf3 19. Qxf3 Qd6 20. Ne2 Nd7 21. Nd4 Bxd4 22. Rxd4 Nf6 23. h4 Kg7 24. hxg5 hxg5 25. Qf5 Nh7 26. Rd3 Qg6 27. Qe5+ Qf6 28. Qe2 Rad8 29. Rf3 Qd6 30. Rh3 Nf6 31. Rg3 Qf4 32. Rf3 Qd6 33. Rf5 Rh8 34. Rxg5+ Kf8 35. g3 Rd7 36. Rc1 Rc7 37. Rc2 Qd7 38. Rxc7 Qxc7 39. Qc2 Qd7 40. Qf5 Qc7 41. Bc2 Qa5 42. Qc8+ Ne8 43. Qc3 Qxc3 44. bxc3 Nd6 45. Kg2 Rh6 46. Bd3 f6 47. Rg4 Rh5 48. Rd4 Re5 49. Kf1 Rh5 50. Ke2 Rh1 51. a4 Ra1 52. axb5 axb5 53. Rb4 Ra2+ 54. Ke3 Ra3 55. Kd4 Ra2 56. f3 Rf2 57. Ke3 Ra2 58. Bxb5 Ra3 59. Kd3 Ra5 60. Bc6 Ra3 61. Bd7 f5 62. Rf4 Ra5 63. c4 Kg7 64. Bxf5 Kf6 65. Be6+ Ke5 66. c5 Rxc5 67. Rf8 Nb7 68. f4+ Kd6 69. g4 Ra5 70. Ke3 Ra4 71. g5 Ra3+ 72. Kf2 Nc5 73. Rd8+ Kc7 74. Rc8+ Kb6 75. Rc6+ Kb5 76. Rxc5+ Kxc5 77. g6 Ra2+ 78. Kf3 Ra1 79. g7 1-0

[Event "Wch U20 55th"]
[Site "Bhubaneswar"]
[Date "2016.08.19"]
[Round "11"]
[White "Thogersen, Rasmus"]
[Black "Weerasinghe, CC."]
[Result "0-1"]
[WhiteElo "2171"]
[BlackElo "1785"]
[PlyCount "58"]
[EventDate "2016.08.08"]
[EventType "swiss"]
[EventRounds "13"]
[EventCountry "IND"]
[SourceTitle "CBM 173 Extra"]
[Source "ChessBase"]
[SourceDate "2016.08.29"]
[SourceVersion "1"]
[SourceVersionDate "2016.08.29"]
[SourceQuality "1"]

1. d4 Nf6 2. c4 g6 3. Nc3 d5 4. Nf3 Bg7 5. Qb3 dxc4 6. Qxc4 0-0 7. e4 a6 8. Be2 b5 9. Qb3 c5 10. dxc5 Bb7 11. e5 Nfd7 12. Be3 Nxe5 13. Rd1 Qa5 14. Nxe5 Bxe5 15. 0-0 e6 16. h3 Qc7 17. a4 bxa4 18. Nxa4 Nc6 19. Qc4 Rad8 20. Bg5 Rd4 21. Rxd4 Nxd4 22. Bd3 Bd5 23. Qb4 Qc6 24. Be3 a5 25. Qxa5 Ra8 26. Qb6 Qxa4 27. c6 Nxc6 28. Bb5 Qe4 29. f3 Qxe3+ 0-1

[Event "Wch U20 55th"]
[Site "Bhubaneswar"]
[Date "2016.08.11"]
[Round "4"]
[White "Weerasinghe, CC."]
[Black "Basso, Pier Luigi"]
[Result "0-1"]
[WhiteElo "1785"]
[BlackElo "2455"]
[PlyCount "82"]
[EventDate "2016.08.08"]
[EventType "swiss"]
[EventRounds "13"]
[EventCountry "IND"]
[SourceTitle "CBM 173 Extra"]
[Source "ChessBase"]
[SourceDate "2016.08.29"]
[SourceVersion "1"]
[SourceVersionDate "2016.08.29"]
[SourceQuality "1"]

1. d4 d5 2. c4 e6 3. Nc3 Nf6 4. Nf3 Nbd7 5. e3 a6 6. cxd5 exd5 7. Bd3 Bd6 8. 0-0 0-0 9. Qc2 Re8 10. e4 dxe4 11. Nxe4 Nxe4 12. Bxe4 Nf6 13. Bg5 h6 14. Bxf6 Qxf6 15. Rfe1 g6 16. Re2 Bg4 17. Qc3 Qf4 18. g3 Qf6 19. Kg2 c6 20. Rae1 Bb4 21. Qxb4 Rxe4 22. Qc3 Rxe2 23. Rxe2 Rd8 24. Rd2 Be6 25. Ng1 Bxa2 26. b3 Bb1 27. f3 Bf5 28. Ne2 g5 29. g4 Bg6 30. Kf2 h5 31. d5 Qd6 32. Kg2 hxg4 33. fxg4 Be4+ 34. Kg1 Bxd5 35. Ng3 Re8 36. Nh5 Re1+ 37. Kf2 Qe5 38. Nf6+ Kg7 39. Nh5+ Kh8 40. Qh3 Kg8 41. Qd3 Rh1 0-1

[Event "Wch U20 55th"]
[Site "Bhubaneswar"]
[Date "2016.08.08"]
[Round "1"]
[White "Ivekovic, Bozidar1111"]
[Black "Weerasinghe, CC."]
[Result "1-0"]
[WhiteElo "2351"]
[BlackElo "1785"]
[PlyCount "53"]
[EventDate "2016.08.08"]
[EventType "swiss"]
[EventRounds "13"]
[EventCountry "IND"]
[SourceTitle "CBM 173 Extra"]
[Source "ChessBase"]
[SourceDate "2016.08.29"]
[SourceVersion "1"]
[SourceVersionDate "2016.08.29"]
[SourceQuality "1"]

1. d4 Nf6 2. c4 g6 3. Nc3 d5 4. Bg5 Ne4 5. Nxe4 dxe4 6. e3 Bg7 7. Ne2 0-0 8. Nc3 c6 9. Nxe4 Qc7 10. Be2 e5 11. c5 f5 12. Bc4+ Kh8 13. Nd6 h6 14. h4 Qa5+ 15. Kf1 f4 16. exf4 exd4 17. Be7 Rxf4 18. Nxc8 Nd7 19. Nd6 Nxc5 20. g3 Qc7 21. gxf4 Qxe7 22. Nf7+ Kh7 23. h5 Qe4 24. hxg6+ Qxg6 25. Qh5 Qc2 26. Qxc5 Rf8 27. Nxh6 1-0

[Event "Asia-ch U18"]
[Site "Ulaanbaatar"]
[Date "2016.04.12"]
[Round "7"]
[White "Dulguun, Altankhuyag"]
[Black "Weerasinghe, CC."]
[Result "1/2-1/2"]
[WhiteElo "1595"]
[BlackElo "1746"]
[PlyCount "76"]
[EventDate "2016.04.06"]
[EventType "swiss"]
[EventRounds "9"]
[EventCountry "MGL"]
[SourceTitle "EXT 2017"]
[Source "ChessBase"]
[SourceDate "2016.10.25"]
[SourceVersion "1"]
[SourceVersionDate "2016.10.25"]
[SourceQuality "1"]

1. e4 e5 2. Nf3 Nc6 3. Bc4 Bc5 4. 0-0 Nf6 5. Nc3 d6 6. a3 Bg4 7. Na4 Bb6 8. Nxb6 axb6 9. h3 Bh5 10. d3 Nd4 11. g4 Bg6 12. Nxd4 exd4 13. Bg5 h5 14. f4 Qd7 15. f5 Bh7 16. Bxf6 gxf6 17. gxh5 Rg8+ 18. Kh1 0-0-0 19. Rg1 d5 20. Bxd5 Bxf5 21. Bxb7+ Kxb7 22. exf5 Qd5+ 23. Kh2 Qe5+ 24. Kh1 Qxf5 25. Rg4 Qxh5 26. Qf3+ Ka7 27. Rag1 Rh8 28. R4g3 Qh4 29. Kh2 Rhe8 30. Rg4 Qh6 31. R1g2 Re3 32. Qf4 Qxh3+ 33. Kg1 Kb7 34. Rh2 Re1+ 35. Kf2 Qf1+ 36. Kg3 Re3+ 37. Qxe3 dxe3 38. Rf4 Rg8+ 1/2-1/2

[Event "Asia-ch U18"]
[Site "Ulaanbaatar"]
[Date "2016.04.08"]
[Round "4"]
[White "Weerasinghe, CC."]
[Black "Krishna Teja, N."]
[Result "1/2-1/2"]
[WhiteElo "1746"]
[BlackElo "2233"]
[PlyCount "38"]
[EventDate "2016.04.06"]
[EventType "swiss"]
[EventRounds "9"]
[EventCountry "MGL"]
[SourceTitle "EXT 2017"]
[Source "ChessBase"]
[SourceDate "2016.10.25"]
[SourceVersion "1"]
[SourceVersionDate "2016.10.25"]
[SourceQuality "1"]

1. d4 Nf6 2. c4 c5 3. d5 b5 4. cxb5 a6 5. b6 e6 6. Nc3 Nxd5 7. Nxd5 exd5 8. Qxd5 Nc6 9. Bg5 Be7 10. Bxe7 Qxe7 11. Rc1 Qf6 12. Qxc5 Qxb2 13. Qc3 Qxc3+ 14. Rxc3 Rb8 15. Rb3 a5 16. e3 Nb4 17. a3 Nd5 18. Rb5 Nxb6 19. Rc5 Bb7 1/2-1/2

[Event "Asia-ch U18"]
[Site "Ulaanbaatar"]
[Date "2016.04.06"]
[Round "1"]
[White "Urazayev, Arystanbek"]
[Black "Weerasinghe, CC."]
[Result "1/2-1/2"]
[WhiteElo "2386"]
[BlackElo "1746"]
[PlyCount "36"]
[EventDate "2016.04.06"]
[EventType "swiss"]
[EventRounds "9"]
[EventCountry "MGL"]
[SourceTitle "EXT 2017"]
[Source "ChessBase"]
[SourceDate "2016.10.25"]
[SourceVersion "1"]
[SourceVersionDate "2016.10.25"]
[SourceQuality "1"]

1. e4 c5 2. Nf3 Nc6 3. b3 d6 4. Bb2 e5 5. Bc4 Bg4 6. Bd5 Nf6 7. Bxc6+ bxc6 8. d3 Be7 9. h3 Be6 10. Nbd2 0-0 11. a4 Nd7 12. g4 Rb8 13. Qc1 Qa5 14. Kf1 Qd8 15. Kg2 g6 16. Rg1 f5 17. gxf5 gxf5 18. Kh2+ Kh8 1/2-1/2

[Event "SRI-chB"]
[Site "Colombo"]
[Date "2016.03.20"]
[Round "7"]
[White "Lamawansa, Yasas"]
[Black "Weerasinghe, CC."]
[Result "1/2-1/2"]
[WhiteElo "2006"]
[BlackElo "1736"]
[PlyCount "83"]
[EventDate "2016.03.12"]
[EventType "swiss"]
[EventRounds "10"]
[EventCountry "SRI"]
[SourceTitle "CBM 171 Extra"]
[Source "ChessBase"]
[SourceDate "2016.04.26"]
[SourceVersion "1"]
[SourceVersionDate "2016.04.26"]
[SourceQuality "1"]

1. d4 Nf6 2. c4 g6 3. Nc3 Bg7 4. e4 d6 5. Bd3 Nc6 6. Nge2 Nd7 7. Bc2 e5 8. d5 Nd4 9. Nxd4 exd4 10. Ne2 Ne5 11. Bd3 c5 12. 0-0 0-0 13. Ng3 b5 14. cxb5 a6 15. Be2 axb5 16. f4 Nc4 17. Bd3 Bd7 18. Qe2 Ne3 19. Bxe3 dxe3 20. e5 dxe5 21. f5 Re8 22. Be4 Bh6 23. b3 Qh4 24. Qc2 Bf4 25. Rf3 c4 26. bxc4 bxc4 27. Nf1 Ba4 28. Qe2 Bxh2+ 29. Nxh2 Qxe4 30. fxg6 hxg6 31. Rxe3 Qd4 32. Rc1 Bb5 33. Ng4 Kg7 34. Rd1 Qb6 35. Qf2 f5 36. Nxe5 Rxa2 37. Qg3 Re2 38. Rd4 Re1+ 39. Qxe1 Qxd4 40. Qg3 Qd1+ 41. Re1 Qd4+ 42. Re3 1/2-1/2